THE NEW FUNK &WAGNALLS ILLUSTRATED WILDLIFE ENCYCLOPEDIA:VOL 13 LEA-MAN (Record no. 1966)
[ view plain ]
| 000 -LEADER | |
|---|---|
| fixed length control field | 00331nam a22001217a 4500 |
| 082 ## - DEWEY DECIMAL CLASSIFICATION NUMBER | |
| Classification number | 030 |
| Item number | BURIN-13 |
| 100 ## - MAIN ENTRY--AUTHOR NAME | |
| Personal name | BURTON,MAURICE |
| 100 ## - MAIN ENTRY--AUTHOR NAME | |
| Personal name | BURTON,ROBERT |
| 245 ## - TITLE STATEMENT | |
| Title | THE NEW FUNK &WAGNALLS ILLUSTRATED WILDLIFE ENCYCLOPEDIA:VOL 13 LEA-MAN |
| 260 ## - PUBLICATION, DISTRIBUTION, ETC. (IMPRINT) | |
| Place of publication | AMERICA |
| Name of publisher | BPC PUBLISHING |
| 650 ## - SUBJECT ADDED ENTRY--TOPICAL TERM | |
| Topical Term | ENCYCLOPEDIA |
| Geographic subdivision | AMERICA |
| 942 ## - ADDED ENTRY ELEMENTS (KOHA) | |
| Koha item type | Books |
| Withdrawn status | Lost status | Collection code | Home library | Current library | Shelving location | Date acquired | Source of acquisition | Full call number | Accession Number | Koha item type |
|---|---|---|---|---|---|---|---|---|---|---|
| Reference | Main Library | Main Library | SHELF 2-A SCIENCE IN OUR WORLD,FUNK7WAGNALLS ENCYCLO,,FIRST AID ,Y2K,MEDICAL | 20/05/2004 | PURCHASE | 030 BURIN-13 | 01334 | Books |